Welcome to the Holygrace Academy Library

Please use search bar below to get started

BEAST QUEST (Record no. 6038)

MARC details
000 -LEADER
fixed length control field 00453nam a22001457a 4500
020 ## - INTERNATIONAL STANDARD BOOK NUMBER
ISBN 978-1-40834-774-4
082 ## - DEWEY DECIMAL CLASSIFICATION NUMBER
Classification number 823
Item number BLA/T
100 ## - MAIN ENTRY--AUTHOR NAME
Personal name BLADE, ADAM
245 ## - TITLE STATEMENT
Title BEAST QUEST
Remainder of title TRILLION THE THREE HEADED LION
260 ## - PUBLICATION, DISTRIBUTION, ETC. (IMPRINT)
Place of publication UNITED KINGDOM
Name of publisher ORCHARD BOOKS
Year of publication 2015
300 ## - PHYSICAL DESCRIPTION
Number of Pages 137
520 ## - SUMMARY, ETC.
Summary, etc The peace of avantia has been shattered by a fearsome new beast trillion the three headed lion.
650 ## - SUBJECT ADDED ENTRY--TOPICAL TERM
Topical Term ADVENTURE STORY
Geographic subdivision UNITED KINGDOM
942 ## - ADDED ENTRY ELEMENTS (KOHA)
Koha item type Books
Holdings
Withdrawn status Lost status Collection code Home library Current library Shelving location Date acquired Source of acquisition Cost, normal purchase price Full call number Accession Number Koha item type
    Fiction Main Library Main Library SHELF 15 H-HARRY POTTER(CHARACTERISATION),WIMPY KID,DORK DIARIES 12/11/2022 purchase 195.00 823 BLA/T 12741 Books